Associer les refrains aux titres des chansons (2024) - Statistiques

Statistiques générales
  • Ce quiz a été pris 119 fois
    94 depuis la dernière actualisation
  • Le résultat moyen est 13 sur 21
Statistiques - réponses
Hint Réponse % Correct
J't'ai vu sur le périph', tu faisais la timide
Tu m'as vu sortir d'un bolide à six chiffres
J'ai vu ton sourire donc tu n'es pas timide
J'ai beaucoup d'ennemis, j'vais remonter la vitre
Dans le fond, tu le sais, j'fais ça pour te garder près de moi
Mon bébé, tu m'connais, j'fais ça pour te garder près de moi
Dans le fond, tu le sais, j'fais ça pour te garder près de moi
Mon bébé, tu m'connais, j'fais ça pour te garder près de moi
Sois pas timide (Gims)
87%
Okay, eh, eh, bébé, j'avoue j'vis dans l'excès
Pour des petits trajets j'sors le Fé'Fé'
J'préfère mieux ça qu'l'Audi TT donc ____ pour cet été
J'suis toujours cloué chez Cartier
Sac Kelly pour les choquer
Ce soir, t'es mon trophée
Spider (Gims ft. Dystinct)
86%
J'aimerais garder le meilleur de ____ ____ _ __
Et je sais qu'ailleurs t'iras chercher
Un peu de ce que je ne t'ai pas donné
Je vais garder le meilleur de ____ ____ _ __
Et c'est pas grave si tu vas chercher
Un peu de ce que je ne t'ai pas donné, pas donné
Ceux qu'on était (Pierre Garnier)
81%
Elle m'dit _____ Madère sous les parasols
mais là j'm'imagine la perdre j'deviens parano
J'perds la raison, elle a raison,
j'crois qu'elle veut mon nom derrière son prénom
Elle a jamais retourné sa veste, non
c'est ça qui m'fait tourner la tête
Imagine (Carbonne)
79%
Mérite que j't'appellerais : "Mi Amor", j'ai du temps pour un p'tit corps à corps
Mais mamacita veut plus qu'un rapport, elle veut qu'un baby éclore
Obligé d'lui redonner sur le coup, j'caresse en bas et j'fais bisous sur le cou
Même-même endormi, elle me réveille encore, еlle veut qu'un baby éclore
Hum, hum, commеnt chanter sa pussy ? Son wata ? j'suis informé, j'crois qu'elle s'appelle : ____ ____
Comment chanter sa pussy ? Son wata ? J'suis informé, j'crois qu'elle s'appelle : ____ ____
Mami Wata (Gazo ft. Tiakola)
73%
Parle-moi lovés, n'me parle pas de sentiments
C'est pas avec amour qu'on achète vêtements
C'est dommage pour mon ex, j'étais l'chouchou d'son passé
Y'a plus rien à coller, quand c'est cassé, c'est cassé
Petit Génie (Jungeli ft. Alonzo, Imen Es, Abou Debeing et Lossa)
71%
Et si je te dis que je t'aime
Tu dois me répondre que tu m'aimes
C'est tellement simple
Un peu comme un plus un font deux
Et si tu me dis que tu m'aimes
Je te répondrai que je t'aime, non
Je prends ta main, je ferme les yeux et je me sens mieux (Oh, let's go)
I love you (Dadju ft. Tayc)
68%
J'suis de l'ancienne fédé, sans enseigne piégée
OG BG, OG BG
Faites entrer toutes les caméras
Je suis beau, j'suis en _____ _____
J'suis de l'ancienne fédé, sans enseigne piégée
OG BG, OG BG
Faites entrer toutes les caméras
Je suis beau, j'suis en _____ _____
Dolce Camara (Booba ft. SDM)
67%
La distance qui nous sépare toi et moi ne tiendra que le temps d'un dernier verre, ne t’en fais pas
C'est celui-là, c'est ce mâle ____, infidèle mais qui aime sa femme
C’est celui-là, c'est ce mâle ____, infidèle mais qui aime sa femme
Dis-moi bien les choses, dis-moi bien les choses, oh, non, non
Dis-moi bien les chosеs, dis-moi bien lеs choses, oh, non, non, non
Alpha (Damso ft.Kalash)
65%
Ouais, sur elle, j'ai impacté, dans son crâne, on est deux, ma kichta est compactée, j'ai aucun billet bleu
J'ai des _________ d'nous-deux, tard la night, des _________ d'nous-deux quand on ride
Flashback (Favé ft. Gazo)
63%
Entre nous y a _____ _____, on fait nos bails au final
Apparemment ça te convient pas, alors chacun fait sa life
Entre nous y a _____ _____, on fait nos bails au final
Apparemment ça te convient pas, alors chacun fait sa life
Aucune attache (Keblack)
59%
___ __, j'avais les mots, j'l'ai rendue accro
Elle s'voyait déjà passer sa vie dans mes bras
___ __, j'avais les mots, j'l'ai rendue accro
Elle s'voyait déjà passer sa vie dans mes bras
___ __, j'avais les mots
Pour elle (SDM)
59%
J'ai bossé tout l'été, j'dois faire des loves, hein
Pour acheter bijoux à la mama lova
La go là m'a pris pour son _______
Elle me dit : "Bébé, s'te plais, fais-moi rêver", ah ouais
Casanova (Soolking ft. Gazo)
57%
_____ __, s'te plaît _____ __
J't'ai dit : "c'est mort", s'te plaît _____ __
_____ __, s'te plaît _____ __
J't'ai dit : "qu’c'est mort", s'te plaît _____ __
Laisse moi (Keblack)
56%
J'suis bloqué dans sa tête, c'est moi contre elle, en un contre un
Mon partenaire d'enfer, c'est top secret, c'est sous contrat
J'suis confiant, si ça pète, c'est sûr que personne racontera
Elle est as-p dans les ______ ______
Nanani Nanana (Gazo)
51%
Mais __ ______ ______ c'est toi
Fuis-moi, le pire c'est toi et moi
Mais si tu cherches encore ma voix
Oublie-moi, le pire c'est toi et moi
Ma meilleure ennemie (Stromae ft. Pomme)
48%
Madame veut tourner, tourner, tourner, tour, elle veut les lovés tous les jours, les jours, les jours
Même à quatre contre cent, elle sait d'jà qu'on est d'jà,
ma gueule, _ ____ d'jà, c'est Werenoi
Madame veut tourner, tourner, tourner, tour, elle veut les lovés tous les jours, les jours, les jours
Même à quatre contre cent, elle sait d'jà qu'on est d'jà,
ma gueule, _ ____ d'jà, c'est Werenoi
Tu connais (Werenoi)
48%
Ils ont essayé, mais sorcellerie n'a pas marché
De moi, ils ont douté, j'suis revenu pour confirmer
Et mon cœur s'est cassé, avec l'argent, je l'ai recollé
C'est Dieu qui m'a donné, mais du ciel, c'était pas tombé
Boucan (Kebalck ft. franglish)
41%
Pour la monnaie, faut s'lever tôt
Pour m'avoir, faut le haut niveau
Ma chérie, j'aime pas les blèmes-pro
Elle voudrait qu'j'sois son Roméo
(Mm-mm, mm-mm-mm) Je réfléchis
(Mm, mm-mm, mm-mm-mm) J'y pense, j'y pense
(Mm-mm, mm-mm-mm) Je réfléchis
(Mm, mm-mm, mm-mm-mm) J'y pense, j'y pense
Position (Franglish)
40%
Vécu de criminel, vis comme dans Many Men
J'suis passé des cassettes aux sques-di, j'ai fait la route sans les freins
Vécu de criminel, vis comme dans Many Men
On dit pas tout c'qu'on fait mais c'qu'on dit, on a bossé les reins
Train de vie dramatique, j'manie l'automatique
J'ai les mains sales, ma gueule, mais le sale j'te le fais sans les hits
Train de vie dramatique, j'manie l'automatique
On fait beaucoup de vert mais le vert c'est comme la Kryptonite
Pyramide (Werenoi ft. Damso)
37%
Faut qu'j'reste fort, là j'ai plein d'soucis
Faut plus qu'j'ouvre mon cœur à des faux amis
Bouge ton corps, dance ma jolie
Bouge ton corps, que je danse aussi
Oh mademoiselle, oh mademoiselle
Oh mademoiselle, oh mademoiselle
Oh mademoiselle, oh mademoiselle
Oh mademoiselle, oh mademoiselle
La route est longue (JuL)
27%
Aucun quiz correspondant
Distribution des résultats
% des personnes avec chaque résultat
Percentile par nombre de réponses
Votre historique - résultats
Vous n’avez pas pris ce quiz depuis la dernière actualisation